000 00434nam a2200181Ia 4500
001 15935
005 20260306170232.0
008 260306t2002||||xx |||||||||||||| ||und||
041 _aESP
082 _a620.82
_bM84
100 _aMondelo, Pedro R.
_eAUT
245 0 _aErgonomía 4 :
_bel trabajo en oficinas
260 _c2002
300 _a328 páginas :
_c25 cm.
650 _aGEN
654 _aCII
942 _cLIB
_dJUS
_fJUS
_2ddc
_n
999 _c15935
_d15935